000 00811nac a22002291u 4500
020 _a8174761543 :
082 0 0 _a822.33
_bSHA
090 _c9202
_d9202
100 _aShakespeare, William
245 1 0 _aHenry IV : Part i /
_cWilliam Shakespeare; edited by John Crowther.
_n1;
260 _aNew Delhi :
_bUBSPD,1997.
_cc1997.
300 _aviii, 297p.
_c20 cm.
490 1 _aModern Shakespeare Series
500 _aSpecial edition with introduction, detailed notes, scene- wise summary, annotations and questions and answers
500 _aDistributer: Al-Ahram
511 _aCatalogued by: Sara
650 _aHenry IV
651 0 _aGreat Britain
_xHistory
_yHenry IV, 1399-1413
655 7 _aHistorical drama.
700 1 _aBhatia, Praveen
942 _cBB
_k822.33SHA
999 _c9202
_d9202